Statistiken für Deutsche Lieder nach Buchstabe - R

Klicken Sie hier um das Quiz zu spielen!

Allgemein

  • Dieses Quiz wurde 110 mal gespielt
  • Das Durchschnittsergebnis liegt bei 4 aus 18

Antwortstatistiken

TitelInterpret% Korrekt
Rock Me AmadeusFalco
93%
RegenbogenfarbenKerstin Ott
63%
RollerApache 207
60%
Remmidemmi (Yippie Yippie Yeah)Deichkind
34%
Rock miVoxxclub
25%
RosenrotRammstein
22%
Rote Lippen soll man küssenCliff Richard
17%
Rette michTokio Hotel
16%
Reif für die InselPeter Cornelius
13%
RockyFrank Farian
12%
ReimemonsterAfrob feat. Ferris MC
8%
Rapper's DeutschG.L.S.-United
8%
Richtig scheiße (auf ’ne schöne Art und Weise)Killerpilze
7%
Rote RosenFreddy Breck
5%
Rostige FlügelJohann K. & Kottan’s Kapelle
5%
RollercoasterJulian Le Play
3%
Raum der ZeitWizo
2%
RegenEnno Bunger
1%

Verteilung der Resultate

Perzentil nach korrekt beantworteten Fragen

Anzahl Personen mit jedem Resultat

Ihre Resultats-Entwicklung

Sie haben dieses Quiz noch nicht gespielt